00455nam a22001577a 450000500170000001000150001702000260003203500140005803700130007208200100008510000180009524500710011326000410018427000500022530000220027520170517123141.0 aENG-118205 a9789384275105c995.00 aEN-101737 bDBAD/PUB a954.5 aDeori, Hemant a History and historiography of north east india/cby Hemant Deori aIndiabNE BOOKS AND PUBLISHERSc2017 aNational Highway Silchar- 788005 Assam, India a333p.c24cm. (Hb)